000 00253nam a2200097Ia 4500
001 644229
005 20250826153600.0
008 250824s9999 xx 000 0 und d
245 0 _aHEİDİ GENÇLİK KLASİKLERİ
_cJOHANNAS PYRI
260 _bTİMAŞ ÇOCUK
999 _c644229
_d644229